TWENTIETH CENTURY MANAGEMENT TOOLS AND TECHNIQUES:organization design (Record no. 3416)

MARC details
000 -LEADER
fixed length control field 00460nam a22001697a 4500
005 - DATE AND TIME OF LATEST TRANSACTION
control field 20180725143622.0
008 - FIXED-LENGTH DATA ELEMENTS--GENERAL INFORMATION
fixed length control field 160621b xxu||||| |||| 00| 0 eng d
020 ## - INTERNATIONAL STANDARD BOOK NUMBER
ISBN 81-7544-187-9
041 ## - LANGUAGE CODE
Language code of text/sound track or separate title eng
082 ## - DEWEY DECIMAL CLASSIFICATION NUMBER
Item number 8784
Classification number 658.3
100 ## - MAIN ENTRY--AUTHOR NAME
Personal name Ramu, S.Shiva
245 ## - TITLE STATEMENT
Title TWENTIETH CENTURY MANAGEMENT TOOLS AND TECHNIQUES:organization design
260 ## - PUBLICATION, DISTRIBUTION, ETC. (IMPRINT)
Name of publisher Weelar Publishing
Year of publication 2000
Place of publication allahabad
300 ## - PHYSICAL DESCRIPTION
Number of Pages 140p,
650 ## - SUBJECT ADDED ENTRY--TOPICAL TERM
Topical Term Management
942 ## - ADDED ENTRY ELEMENTS (KOHA)
Koha item type Books
Holdings
Lost status Damaged status Collection code Home library Current library Shelving location Date acquired Full call number Accession Number Koha item type
    MANAGEMENT JRU Library JRU Library SHELF-64-G 21/06/2016 658.3 8784 Books